000 00783nam a2200253 i 4500
001 bg
100 1 _aKempcke, Günter.
245 1 0 _aWörterbuch Deutsch als Fremdsprache /
_cvon Günter Kempcke ; unter Mitarbeit von Barbara Seelig [et al.].
260 _aBerlin ;
_aNew York :
_bWalter de Gruyter,
_c2000.
300 _aXXXI, 1329 s. ;
_c25 cm.
490 1 _aDe Gruyter Wörterbuch
650 9 _aSłowniki niemieckie
700 1 _aSeelig, Barbara
_eOprac.
830 _aDe Gruyter Wörterbuch
020 _a3110164078
040 _cBPK
041 0 _ager
044 _aDEU
080 _a811.112.2'374
920 _a3-11-016407-8
942 _cKS
008 s pl f |000 0 pol
999 _c54572
_d54572